| 000 | 00536 a2200229 4500 | ||
|---|---|---|---|
| 260 | _aRome. | ||
| 711 | _d17-26 Janvier 1983 | ||
| 711 | _cRome. | ||
| 440 | _n289 | ||
| 260 | _bFAO. | ||
| 245 | _aRapport de consultation technique sur la régulation de l'effort de pêche:(mortalité par pêche). | ||
| 300 | _aV-36p. | ||
| 260 | _c1983 | ||
| 130 | _lFr. | ||
| 440 | _aRapport sur les pêches. | ||
| 710 | _aFAO. | ||
| 711 | _aRapport | ||
| 690 | _apêche. | ||
| 020 | _a92-5-201394-6 | ||
| 999 |
_c26766 _d26766 |
||